Thermodynamics : (Record no. 318)

MARC details
000 -LEADER
fixed length control field 01195cac a22003375a 4500
005 - DATE AND TIME OF LATEST TRANSACTION
control field 20150813155027.0
006 - FIXED-LENGTH DATA ELEMENTS--ADDITIONAL MATERIAL CHARACTERISTICS--GENERAL INFORMATION
fixed length control field a||||fr|||| 00| 0
008 - FIXED-LENGTH DATA ELEMENTS--GENERAL INFORMATION
fixed length control field 090226t2002 nyuad frb 001 0 eng d
010 ## - LIBRARY OF CONGRESS CONTROL NUMBER
LC control number 2001018728
020 ## - INTERNATIONAL STANDARD BOOK NUMBER
International Standard Book Number 9780071216883
020 ## - INTERNATIONAL STANDARD BOOK NUMBER
International Standard Book Number 007121688X
040 ## - CATALOGING SOURCE
Original cataloging agency StDuBDS
Language of cataloging eng
Transcribing agency StDuBDS
Modifying agency EG-ScBUE
082 04 - DEWEY DECIMAL CLASSIFICATION NUMBER
Classification number 621.4021
Item number ÇEN
Edition number 22
100 1# - MAIN ENTRY--PERSONAL NAME
Personal name Çengel, Yunus A.
9 (RLIN) 33311
245 10 - TITLE STATEMENT
Title Thermodynamics :
Remainder of title an engineering approach /
Statement of responsibility, etc Yunus A. Çengel, Michael A. Boles.
250 ## - EDITION STATEMENT
Edition statement 4th ed.
260 ## - PUBLICATION, DISTRIBUTION, ETC. (IMPRINT)
Place of publication, distribution, etc New York :
Name of publisher, distributor, etc McGraw-Hill Higher Education,
Date of publication, distribution, etc c.2002.
300 ## - PHYSICAL DESCRIPTION
Extent xxx, 930 p. :
Other physical details ill. (some col.), tables,charts ;
Dimensions 27 cm.
490 0# - Series Statement
Series statement McGraw-Hill series in mechanical engineering
500 ## - GENERAL NOTE
General note Index : p.(926-930).
500 ## - GENERAL NOTE
General note Appendix: p.(824-925).
504 ## - BIBLIOGRAPHY, ETC. NOTE
Bibliography, etc Includes bibliographic references.
590 ## - LOCAL NOTE (RLIN)
Local note Menna Elemam
650 #0 - SUBJECT ADDED ENTRY--TOPICAL TERM
Topical term or geographic name as entry element Thermodynamics
9 (RLIN) 33313
Source of heading or term BUEsh.
650 #0 - SUBJECT ADDED ENTRY--TOPICAL TERM
Topical term or geographic name as entry element Heat engineering --
Form subdivision Thermodynamics
Source of heading or term BUEsh.
651 ## - SUBJECT ADDED ENTRY--GEOGRAPHIC NAME
Source of heading or term BUEsh
653 ## - INDEX TERM--UNCONTROLLED
Arrived date list August2015
655 ## - INDEX TERM--GENRE/FORM
Genre/form data or focus term Thermo-Fluid Mechanics (Mechanical)- year 1.
Form subdivision
General subdivision Engineering
Chronological subdivision Semester 2. 2008/2009
700 1# - ADDED ENTRY--PERSONAL NAME
Personal name Boles, Michael A.
9 (RLIN) 33314
942 ## - ADDED ENTRY ELEMENTS (KOHA)
Item type Book - Borrowing
Call number prefix 621.4021 CEN
Source of classification or shelving scheme Dewey Decimal Classification
Holdings
Withdrawn status Item status Source of classification or shelving scheme Damaged status Not for loan Home library Current library Shelving location Date acquired Cost, normal purchase price Total Checkouts Total Renewals Full call number Barcode Date last seen Date last borrowed Cost, replacement price Koha item type Vendor Source of acquisition
    Dewey Decimal Classification     Central Library Central Library First floor 23/02/2006 700.00 12 140 621.4021 CEN 000004345 15/07/2025 22/10/2019 875.00 Book - Borrowing    
    Dewey Decimal Classification     Central Library Central Library First floor 23/02/2006 165.00 8 60 621.4021 CEN 000004344 15/07/2025 22/10/2019 206.25 Book - Borrowing    
    Dewey Decimal Classification     Central Library Central Library First floor 23/02/2006 165.00 13 57 621.4021 CEN 000004343 15/07/2025 02/10/2019 206.25 Book - Borrowing    
    Dewey Decimal Classification     Central Library Central Library First floor 23/02/2006 165.00 7 18 621.4021 CEN 000004342 15/07/2025 08/05/2017 206.25 Book - Borrowing    
    Dewey Decimal Classification     Central Library Central Library First floor 06/08/2010 165.00 6 45 621.4021 CEN 000003607 15/07/2025 12/02/2023 206.25 Book - Borrowing    
    Dewey Decimal Classification     Central Library Central Library First floor 06/08/2010 165.00 10 102 621.4021 CEN 000003606 15/07/2025 09/10/2019 206.25 Book - Borrowing    
    Dewey Decimal Classification     Central Library Central Library First floor 06/08/2010 165.00 2 8 621.4021 CEN 000003605 15/07/2025 07/05/2013 206.25 Book - Borrowing    
    Dewey Decimal Classification     Central Library Central Library First floor 06/08/2010 165.00 4 14 621.4021 CEN 000003604 15/07/2025 16/02/2015 206.25 Book - Borrowing    
    Dewey Decimal Classification     Central Library Central Library First floor 06/08/2010 165.00 5 47 621.4021 CEN 000003603 15/07/2025 10/10/2017 206.25 Book - Borrowing    
    Dewey Decimal Classification     Central Library Central Library First floor 26/02/2009 165.00     621.4021 CEN 000003602 15/07/2025   206.25 NB - Book (Non borrowing)    
    Dewey Decimal Classification     Central Library Central Library First floor 26/02/2009 165.00     621.4021 CEN 000006866 24/08/2022   206.25 CD | DVD - With book    
    Dewey Decimal Classification     Central Library Central Library First floor 26/02/2009 165.00     621.4021 CEN 000006822 24/08/2022   206.25 CD | DVD - With book    
    Dewey Decimal Classification     Central Library Central Library First floor 26/02/2009 165.00     621.4021 CEN 000006839 24/08/2022   206.25 CD | DVD - With book    
    Dewey Decimal Classification     Central Library Central Library First floor 26/02/2009 165.00     621.4021 CEN 000006843 24/08/2022   206.25 CD | DVD - With book    
    Dewey Decimal Classification     Central Library Central Library First floor 26/02/2009 165.00     621.4021 CEN 000006844 24/08/2022   206.25 CD | DVD - With book    
    Dewey Decimal Classification     Central Library Central Library First floor 26/02/2009 165.00     621.4021 CEN 000006847 24/08/2022   206.25 CD | DVD - With book    
    Dewey Decimal Classification     Central Library Central Library First floor 26/02/2009 165.00     621.4021 CEN 000006796 24/08/2022   206.25 CD | DVD - With book    
    Dewey Decimal Classification     Central Library Central Library First floor 26/02/2009 165.00     621.4021 CEN 000006795 24/08/2022   206.25 CD | DVD - With book    
    Dewey Decimal Classification     Central Library Central Library First floor 26/02/2009 165.00     621.4021 CEN 000006794 24/08/2022   206.25 CD | DVD - With book    
    Dewey Decimal Classification     Central Library Central Library First floor 26/02/2009 165.00     621.4021 CEN 000006788 24/08/2022   206.25 CD | DVD - With book